01177 a2200145 4500003000500000005001700005040000900022082001900031100001900050245005000069260003000119300001400149505083400163650003400997Nust20221202151543.0 cNust a621.381528,JOY aJoyce & Clarke aTransistor Circuit Analysis /cJoyce & Clarke aUSAbAddison Wesleyc1969 axiv , 461 aA Brief Survey Of Transistor Physics (Page-1), Transistors As Circuit Elements (Page-28), DC Biasing And Bias Stability (Page-66), Low Frequency Small Signal Transistor Amplifiers (Page-121), Power Amplifiers (Page-158), Regulated Power Supplies (Page-204), High Frequency And Noise Models For Transistors (Page-223), Broadband Low Pass Transistor Amplifiers (Page-247), Transistor Bandpass Amplifiers (Page-289),Transistors As Switches (Page-308), Collector To Base RC Coupled Astable And Monostable Multivibrators (Page-349), Transistor Emitter Coupled Monostable Multi Vibrators (Page-358), Bloacking Oscillators And Transformer Coupled Square Wave Oscillators (Page-376), Transistor Sweep Circuits (Page-387), Negative Resistance Devices In Switching Circuits (Page-398), Sine Wave Oscillators And Active Networks (Page-422). aTelecommunication Engineering